James Berardinelli's Top 100 Movies of All Time - Statistics

General Stats
  • This quiz has been taken 80 times
  • The average score is 47 of 100
Answer Stats
Year Director Answer % Correct
1972 Francis Ford Coppola The Godfather
96%
1941 Orson Welles Citizen Kane
93%
1977 George Lucas Star Wars
93%
2001-2003 Peter Jackson The Lord of the Rings
93%
1960 Alfred Hitchcock Psycho
91%
1994 Quentin Tarantino Pulp Fiction
91%
1974 Francis Ford Coppola The Godfather Part II
91%
1968 Stanley Kubrick 2001: A Space Odyssey
89%
1993 Steven Spielberg Schindler's List
89%
1975 Steven Spielberg Jaws
83%
1980 Martin Scorsese Raging Bull
83%
1976 Martin Scorsese Taxi Driver
80%
1958 Alfred Hitchcock Vertigo
80%
1986 James Cameron Aliens
78%
1954 Akira Kuroswa Seven Samurai
78%
1952 Stanley Donen, Gene Kelly Singin' in the Rain
78%
1946 Frank Capra It's A Wonderful Life
76%
2006 Martin Scorsese The Departed
76%
1990 Kevin Costner Dances with Wolves
74%
1981 Steven Spielberg Raiders of the Lost Ark
74%
1954 Alfred Hitchcock Rear Window
74%
1942 Michael Curtiz Casablanca
72%
1990 Martin Scorsese Goodfellas
72%
1986 Oliver Stone Platoon
72%
1984 Miloš Forman Amadeus
69%
1986 David Lynch Blue Velvet
69%
1974 Roman Polanski Chinatown
69%
1964 Stanley Kubrick Dr. Strangelove
69%
1931 Charlie Chaplin City Lights
67%
1979 Woody Allen Manhattan
63%
2000 Christopher Nolan Memento
63%
1989 Spike Lee Do The Right Thing
61%
1962 David Lean Lawrence of Arabia
61%
1999 Paul Thomas Anderson Magnolia
59%
2000 Darren Aronofksy Requiem for a Dream
59%
1960 Billy Wilder The Apartment
59%
1977 Steven Spielberg Close Encounters of the Third Kind
57%
1978 John Carpenter Halloween
57%
1954 Elia Kazan On The Waterfront
57%
1957 David Lean The Bridge on the River Kwai
57%
1988 John McTiernan Die Hard
56%
1996 Kenneth Branagh Hamlet
56%
1980 Irvin Kershner The Empire Strikes Back
56%
1979 Terry Jones The Life of Brian
56%
1939 Victor Fleming The Wizard of Oz
54%
1981 Wolfgang Petersen Das Boot
52%
1970 Franklin J. Schaffner Patton
52%
1950 Akira Kurosawa Rashomon
50%
1975 Terry Jones Monty Python and the Holy Grail
48%
1949 Carol Reed The Third Man
48%
1950 Joseph L. Mankiewicz All About Eve
46%
1975 Robert Altman Nashville
46%
1950 Billy Wilder Sunset Blvd.
46%
1988 Giuseppe Tornatore Cinema Paradiso
44%
1922 Friedrich Wilhelm Murnau Nosferatu
44%
1995 Richard Linklater Before Sunrise
43%
1994 Krzysztof Kieślowski Three Colors: Red
43%
1961 Akira Kurosawa Yojimbo
43%
1958 Francois Truffaut The 400 Blows
41%
1988 Rob Reiner When Harry Met Sally
39%
1969 Sam Peckinpah The Wild Bunch
37%
1967 Arthur Penn Bonnie and Clyde
35%
1987 Rob Reiner The Princess Bride
35%
1964 George Cukor My Fair Lady
33%
2005 Steven Spielberg Munich
31%
1984 Rob Reiner This is Spinal Tap
30%
1962 Robert Mulligan To Kill A Mockingbird
30%
1952 Fred Zinnemann High Noon
26%
1933 Merian C. Cooper, Ernest B. Schoedsack King Kong
26%
1946 Howard Hawks The Big Sleep
26%
1988 Krzysztof Kieślowski The Decalogue
26%
1955 Henri-Georges Clouzot Diabolique
24%
1959 Satyajit Ray The World of Apu
24%
1987 Brian de Palma The Untouchables
22%
1981 Terry Gilliam Time Bandits
22%
1962 John Ford The Man Who Shot Liberty Valance
20%
1988 Charles Crichton A Fish Called Wanda
19%
1994 Terry Zwigoff Crumb
19%
1991 Zhang Yimou Raise the Red Lantern
19%
1997 Atom Egoyan The Sweet Hereafter
19%
1953 Henri-Georges Clouzot Wages of Fear
19%
1972 Ingmar Bergman Cries and Whispers
17%
1989 Edward Zwick Glory
17%
1989 Cameron Crowe Say Anything
17%
1989 Peter Greenaway The Cook, the Thief, His Wife and Her Lover
17%
1964 Jacques Demy The Umbrellas of Cherbourg
17%
1958 Akira Kurosawa The Hidden Fortress
15%
1991 Gary Trousdale, Kirk Wise Beauty and the Beast
13%
1986 Claude Berri Jean de Florette/Manon des Sources
13%
1999 Tim Roth The War Zone
13%
1991 Kenneth Branagh Dead Again
11%
1984 Jonathan Demme Stop Making Sense
11%
1961 Robert Rossen The Hustler
11%
1960 René Clément Purple Noon
9%
1984 Barry Levinson The Natural
9%
1974 Lina Wertmüller Swept Away
7%
1992 Claude Sautet A Heart in Winter
6%
1987 Eric Rohmer Boyfriends and Girlfriends
6%
1992 James Foley Glengarry Glen Ross
6%
1993 Ronald F. Maxwell Gettysburg
4%
No matching quizzes found
Score Distribution
Percent of People with Each Score
Percentile by Number Answered
Your Score History
You have not taken this quiz